[Event "Condom op 19th"]
[Site "Condom"]
[Date "2022.07.15"]
[Round "8"]
[White "Marni Sandid, Tarik"]
[Black "Wittmann, Paul1"]
[Result "1-0"]
[WhiteElo "1665"]
[BlackElo "1257"]
[PlyCount "25"]
[EventDate "2022.07.09"]
[EventType "swiss"]
[EventRounds "9"]
[EventCountry "FRA"]
[SourceTitle "CBM 209 Extra"]
[Source "ChessBase"]
[SourceDate "2022.09.30"]
[SourceVersion "1"]
[SourceVersionDate "2022.09.30"]
[SourceQuality "1"]

1. e4 c5 2. Nf3 e6 3. d4 cxd4 4. Nxd4 Nf6 5. Nc3 Nc6 6. Be3 Bb4 7. Bd3 d5 8. exd5 Nxd5 9. Qg4 Nxc3 10. Nxc6 Nd5+ 11. Nxb4 Nxe3 12. fxe3 e5 13. Bb5+ 1-0

[Event "Condom op 19th"]
[Site "Condom"]
[Date "2022.07.14"]
[Round "7"]
[White "Beaurain, Louis"]
[Black "Marni Sandid, Tarik"]
[Result "1-0"]
[WhiteElo "1537"]
[BlackElo "1665"]
[PlyCount "92"]
[EventDate "2022.07.09"]
[EventType "swiss"]
[EventRounds "9"]
[EventCountry "FRA"]
[SourceTitle "CBM 209 Extra"]
[Source "ChessBase"]
[SourceDate "2022.09.30"]
[SourceVersion "1"]
[SourceVersionDate "2022.09.30"]
[SourceQuality "1"]

1. d4 c5 2. d5 d6 3. c4 Nf6 4. Nc3 g6 5. e4 Bg7 6. g3 0-0 7. Bh3 Bxh3 8. Nxh3 Nbd7 9. 0-0 Ne5 10. Qe2 Qd7 11. Ng5 h6 12. Nf3 Nxf3+ 13. Qxf3 Qh3 14. Qg2 Qc8 15. f4 b6 16. Bd2 a6 17. a4 h5 18. Rfe1 Ng4 19. h3 Bd4+ 20. Kh1 Nf2+ 21. Kh2 Nd3 22. Reb1 e5 23. Qf3 Nb4 24. Ne2 Nc2 25. Ra2 a5 26. b3 Nb4 27. Bxb4 axb4 28. Rf1 exf4 29. gxf4 Bg7 30. Rg1 Qe8 31. Qg2 Ra7 32. Ng3 Qe7 33. Nxh5 Qh4 34. Nxg7 Qxf4+ 35. Qg3 Qxg3+ 36. Kxg3 Kxg7 37. Re1 Kf6 38. e5+ Ke7 39. Rf2 dxe5 40. Rxe5+ Kd6 41. Rg5 Re8 42. Rf6+ Kc7 43. Rxf7+ Kb8 44. Rxa7 Kxa7 45. Kf4 Rf8+ 46. Ke5 Rh8 1-0

[Event "Mont de Marsan op 6th"]
[Site "Mont de Marsan"]
[Date "2006.12.29"]
[Round "8"]
[White "Marni Sandid, Tarik"]
[Black "Petitcolas, Louis"]
[Result "1-0"]
[WhiteElo "1770"]
[BlackElo "1090"]
[PlyCount "61"]
[EventDate "2006.12.26"]
[EventType "swiss"]
[EventRounds "9"]
[EventCountry "FRA"]
[SourceTitle "CBM 116 Extra"]
[Source "ChessBase"]
[SourceDate "2007.03.07"]
[SourceVersion "1"]
[SourceVersionDate "2007.03.07"]
[SourceQuality "1"]

1. e4 e5 2. Qh5 Nf6 3. Qf3 Nc6 4. Ne2 Bc5 5. Nbc3 d6 6. h3 Be6 7. Na4 Bb6 8. Nxb6 axb6 9. a3 d5 10. d3 d4 11. Bg5 h6 12. Bd2 0-0 13. 0-0-0 Qd6 14. g4 Rxa3 15. Nc3 Ra1+ 16. Nb1 Ba2 17. Bxh6 Rxb1+ 18. Kd2 Qb4+ 19. Ke2 Rxb2 20. Bd2 Rxc2 21. g5 Na5 22. Ke1 Nd7 23. Bxb4 c5 24. Bxa5 bxa5 25. Be2 b5 26. Kf1 b4 27. Kg2 a4 28. h4 g6 29. h5 gxh5 30. Qxh5 b3 31. Qh8# 1-0